Guidelines for the use of GNSS in land surveying and mapping (Record no. 110977)

MARC details
000 -LEADER
fixed length control field 01916cad a22003375a 4500
001 - CONTROL NUMBER
control field L150763
008 - FIXED-LENGTH DATA ELEMENTS--GENERAL INFORMATION
fixed length control field 100901s2010 xxk f 000 0 eng d
020 ## - INTERNATIONAL STANDARD BOOK NUMBER
International Standard Book Number 9781842196076
035 ## - SYSTEM CONTROL NUMBER
System control number (Sirsi) u150763
041 0# - LANGUAGE CODE
Language code of text/sound track or separate title eng
050 04 - LIBRARY OF CONGRESS CALL NUMBER
Classification number 526.9823 $2 18
110 2# - MAIN ENTRY--CORPORATE NAME
Corporate name or jurisdiction name as entry element Royal Institution of Chartered Surveyors
9 (RLIN) 4900
245 00 - TITLE STATEMENT
Title Guidelines for the use of GNSS in land surveying and mapping
Medium [old edition]
250 ## - EDITION STATEMENT
Edition statement 2nd ed.
260 ## - PUBLICATION, DISTRIBUTION, ETC.
Place of publication, distribution, etc. Coventry
Name of publisher, distributor, etc. RICS
Date of publication, distribution, etc. 2010
300 ## - PHYSICAL DESCRIPTION
Extent iv, 76p.
Dimensions 30cm.
490 #0 - SERIES STATEMENT
Series statement RICS Practice Standards UK
490 #0 - SERIES STATEMENT
Series statement RICS Guidance Note
Volume/sequential designation 13/2010
505 2# - FORMATTED CONTENTS NOTE
Formatted contents note RICS Guidance notes -- Preface -- The role of the GNSS in surveying -- GNSS survey documentation -- GNSS survey operations -- GNSS survey methods -- Operational considerations -- Co-ordinate reference frames -- Quality issues -- Appendices -- Glossary -- Checklist for GNSS survey specification and procedures.
520 ## - SUMMARY, ETC.
Summary, etc. This guidance note provides the surveyor with a set of practical operational guidelines which can be used when undertaking a survey that includes GNSS techniques. It provides clients and purchasers of geospatial information generated from a GNSS survey with information to write a task specific specification for a GNSS survey. Includes information on recent advances in GNSS capabilities.
520 ## - SUMMARY, ETC.
Summary, etc. Supersedes first edition (ISBN 1842190938).
520 ## - SUMMARY, ETC.
Summary, etc. Note that as of 30th March 2023 went out consultation for a 3rd edition. 3rd edition was published May 2023, effective 18 June 2023 ISBN
590 ## - LOCAL NOTE (RLIN)
Local note KA
650 ## - SUBJECT ADDED ENTRY--TOPICAL TERM
Topical term or geographic name entry element GLOBAL NAVIGATION SATELLITE SYSTEMS
650 ## - SUBJECT ADDED ENTRY--TOPICAL TERM
Topical term or geographic name entry element LAND SURVEYING
650 ## - SUBJECT ADDED ENTRY--TOPICAL TERM
Topical term or geographic name entry element MAPPING
651 #4 - SUBJECT ADDED ENTRY--GEOGRAPHIC NAME
Geographic name United Kingdom
690 ## - LOCAL SUBJECT ADDED ENTRY--TOPICAL TERM (OCLC, RLIN)
Topical term or geographic name as entry element Geomatics
9 (RLIN) 6242
856 41 - ELECTRONIC LOCATION AND ACCESS
Uniform Resource Identifier <a href="https://www.rics.org/content/dam/ricsglobal/documents/standards/guidelines_for_the_use_of_gnss_in_surveying_and_mapping_2nd_edition_rics.pdf">https://www.rics.org/content/dam/ricsglobal/documents/standards/guidelines_for_the_use_of_gnss_in_surveying_and_mapping_2nd_edition_rics.pdf</a>
Public note Available on RICS.org
942 ## - ADDED ENTRY ELEMENTS (KOHA)
Suppress in OPAC 0
Source of classification or shelving scheme Dewey Decimal Classification
Holdings
Withdrawn status Lost status Source of classification or shelving scheme Damaged status Not for loan Home library Current library Shelving location Date acquired Total Checkouts Full call number Barcode Date last seen Copy number Price effective from Koha item type
    Dewey Decimal Classification     London London RICS Boxes 01/09/2010   RICS 2010/33 30076959 06/08/2019 1 06/08/2019 Archive
    Dewey Decimal Classification     London London RICS Boxes 02/04/2014   RICS 2010/33 30076962 06/08/2019 3 06/08/2019 Book
    Dewey Decimal Classification     London London RICS Boxes 02/04/2014   RICS 2010/33 30076961 06/08/2019 2 06/08/2019 Book
    Dewey Decimal Classification     Virtual Virtual Online 28/02/2011   isurv 150763-4001 23/05/2023 4 06/08/2019 Online material